=LDR 00000nam 2200000 4500 =001 INLIS000000000005321 =005 20251013014345 =035 ##$$a 0010-1025000376 =007 ta =008 251013###########################0#ind## =082 ##$$a 307.12 =084 ##$$a 307.12 I W r =100 #$$a I Wayan Geriya =245 1#$$a Ringkasan Draft Laporan Penilitian Studi Identifikasi Faktor-Faktor Yang Mempengaruhi Keberhasilan Masyarakat Bali dalam Pembangunan Sumberdaya Manusia /$c Badan Koordinasi Keluarga Berencana Nasional =260 ##$$a Denpasar :$b Badan Koordinasi Keluarga Berencana Nasional,$c 1999 =300 ##$$a 28 Hal : $b Ilus ; $c 21 =650 #4$$a Keluarga Berencana =700 #$$a I Gde Suyatna =700 #$$a Pande Made Suputra =700 #$$a Gede Sedana =856 ##$$a Perpustakaan Kemendukbangga